000 00425nam a2200169Ia 4500
008 230524s9999 xx 000 0 und d
020 _a8176565431
082 _a4.378
_bBAY
100 _aIvan Bayross
245 0 _aTeach Yourself Web Technologies Part-II (Java Programming)
250 _a1ST
260 _aNEW DELHI
_bBPB
_c2008
300 _aX;679
500 _aQuantity Number: 15
650 _aComp-Sc
942 _cBK
999 _c39423
_d39423